Urban nature : (Registro nro. 20324)

Detalles MARC
000 -CABECERA
Campo de control 00895nam a2200241 4500
005 - FECHA Y HORA DE LA ULTIMA TRANSACCION
Campo de control 20180919154420.0
008 - ELEMENTOS DE LONGITUD FIJA—INFORMACION GENERAL
Campo de control 160624s2017 ck ab|||r|||| 00| 0 spa d
020 ## - ISBN
ISBN 9789585418042
040 ## - FUENTE DE CATALOGACIÓN
Agencia catalogadora original CO-BoIAVH
Agencia transcriptora CO-BoIAVH
041 1# - IDIOMA
Código de idioma para texto/pista de sonido o título separado Inglés
Código de idioma de la versión original y/o traducciones intermedias del texto Español
044 ## - PAÍS DE PUBLICACIÓN
País de publicación Colombia
082 04 - NUMERO DE CLASIFICACION DECIMAL DEWEY
Número de clasificación 354.35
Número del ítem N28u1
245 00 - MENCION DE TITULO
Título Urban nature :
Parte restante del título Platform of experiences /
Mención de responsabilidad editado por María Angélica Mejía
260 ## - PUBLICACION, DISTRIBUCION, ETC. (PIE DE IMPRENTA)
Lugar de publicación, distribución, etc. Bogotá (Colombia) :
Nombre del editor, distribuidor, etc. Instituto de Investigación de Recursos Biológicos Alexander von Humboldt,
Fecha de publicación, distribución, etc. 2017.
300 ## - DESCRIPCION FISICA
Extensión 215 páginas :
Otros detalles físicos ilustraciones a color y mapas ;
Dimensiones 25 x 20 cm.
504 ## - NOTA DE BIBLIOGRAFIA, ETC.
Nota de bibliografía Incluye referencias bibliográficas
650 26 - ASIENTO SECUNDARIO DE MATERIA - TERMINO TEMATICO
Término temático o nombre geográfico como elemento de entrada Biodiversity
9 (RLIN) 23057
Subdivisión general Urban areas
650 26 - ASIENTO SECUNDARIO DE MATERIA - TERMINO TEMATICO
Término temático o nombre geográfico como elemento de entrada Urban environment
9 (RLIN) 101309
650 26 - ASIENTO SECUNDARIO DE MATERIA - TERMINO TEMATICO
Término temático o nombre geográfico como elemento de entrada Ecosystem services
9 (RLIN) 24617
Subdivisión general Urban areas
651 26 - ASIENTO SECUNDARIO DE MATERIA - NOMBRE GEOGRAFICO
Nombre geográfico Colombia
9 (RLIN) 72033
700 1# - ASIENTO SECUNDARIO - NOMBRE PERSONAL
Nombre personal Mejía, María Angélica
Término de relación editora
9 (RLIN) 72034
942 ## - ELEMENTOS ADICIONALES (KOHA)
Sistema de clasificación Dewey Decimal Classification
Tipo de ítem Libro
Koha issues (borrowed), all copies 1
Existencias
Withdrawn status Lost status Sistema de Clasificación Damaged status No para préstamo Colección Inventariado Ubicación Permanente Ubicación actual Fecha de adquisición Total Checkouts Número topográfico Inventario / Código de Barras Date last seen Ejemplar Price effective from Forma de adquisición Tipo de material Date checked out
    Dewey Decimal Classification     Humboldt Inventariado 2018 Bogotá Bogotá 19/09/2018   IAVH-354.35 N28u1 030331 19/09/2018 Ej. 1 19/09/2018 Institucional Libro  
    Dewey Decimal Classification     Humboldt Inventariado 2018 Bogotá Bogotá 19/09/2018 1 IAVH-354.35 N28u1 030332 20/08/2019 Ej. 2 19/09/2018 Institucional Libro 20/08/2019
    Dewey Decimal Classification     Humboldt Inventariado 2018 Sala Fabio Quevedo Sala Fabio Quevedo 19/09/2018   IAVH-354.35 N28u1 030333 19/09/2018 Ej. 3 19/09/2018 Institucional Libro